000 00687nam a22001937a 4500
003 OSt
005 20250805024412.0
008 250805b |||||||| |||| 00| 0 eng d
020 _a978-621-427-131-3
040 _aDWC-Main Lib
_cOC
082 _aFil. 658.404 In61 2023
100 _aAbante, Marmelo V.
245 _aIntroduction to project management/
_cMarmelo V. Abante [and eleven others]
260 _aManila City, Philippines :
_bUnlimited Books Library Services & Publishing,
_cc2023.
300 _avi, 189 pages :
_billustrations ;
_c25cm.
504 _aIncludes appendices and bibliographic references.
650 _a1. Project management.
942 _2ddc
_cBK - FIL
_kFil.
_n0
999 _c3940
_d3940